Miasta po angielsku i w rodzimym języku - Statystyki

Ogólne statystyki
  • Ten quiz został rozwiązany 27 razy
  • Średni wynik to 27 z 60
Statystyki odpowiedzi
Polska nazwa Zagraniczna nazwa % Poprawnych
Rzym (ang.) Rome
96%
Praga (ang.) Prague
92%
Rzym (wł.) Roma
88%
Wiedeń (ang.) Vienna
84%
Lizbona (ang.) Lisbon
80%
Neapol (wł.) Napoli
76%
Florencja (ang.) Florence
72%
Mediolan (ang.) Milan
72%
Monachium (niem.) München
72%
Wiedeń (niem.) Wien
72%
Mediolan (wł.) Milano
68%
Monachium (ang.) Munich
68%
Ateny (ang.) Athens
64%
Kolonia (niem.) Köln
64%
Moskwa (ang.) Moscow
64%
Praga (cz.) Praha
64%
Antwerpia (ang.) Antwerp
52%
Belgrad (ang.) Belgrade
52%
Bruksela (ang.) Brussels
52%
Kolonia (ang.) Cologne
52%
Kopenhaga (ang.) Copenhagen
52%
Haga (ang.) The Hague
52%
Kair (ang.) Cairo
48%
Drezno Dresden
48%
Jerozolima (ang.) Jerusalem
48%
Lipsk Leipzig
48%
Seul (ang.) Seoul
48%
Pekin (ang.) Beijing
44%
Neapol (ang.) Naples
44%
Norymberga (niem.) Nürnberg
44%
Wilno (ang.) Vilnius
44%
Adelajda Adelaide
40%
Bukareszt (ang.) Bucharest
40%
Kiszyniów Chișinău
40%
Grenada Granada
40%
Lizbona (port.) Lisboa
40%
Bolonia Bologna
36%
Damaszek (ang.) Damascus
36%
Florencja (wł.) Firenze
36%
Tuluza Toulouse
36%
Erywań (ang.) Yerevan
36%
Bukareszt (rum.) București
32%
Haga (niderl.) Den Haag
32%
Gandawa (ang.) Ghent
32%
Chartum (ang.) Khartoum
32%
Akwizgran Aachen
28%
Ateny (gr.) Athína
28%
Belgrad (serb.) Beograd
28%
Kapsztad (ang.) Cape Town
28%
Gandawa (niderl.) Gent
28%
Göteborg (ang.) Gothenburg
28%
Kopenhaga (dun.) København
24%
Ułan Bator (ang.) Ulaanbaatar
24%
Algier (ang.) Algiers
20%
Antwerpia (niderl.) Antwerpen
16%
Erywań (orm.) Erevan
16%
Norymberga (ang.) Nuremberg
16%
Wagadugu Ouagadougou
16%
Kapsztad (afr.) Kaapstad
8%
Nawakszut (ang.) Nouakchott
4%
Nie znaleziono quizów pasujących do podanych kryteriów
Rozkład punktacji
Procent ludzi z każdym wynikiem
Percentyl według liczby udzielonych odpowiedzi
Twoja historia wyników
Nie rozwiązałeś tego quizu